Квазиклассические асимптотики нелинейного уравнения Фоккера-Планка для распределений доходностей активов; Компьютерные исследования и моделирование; Т. 1, № 1
| Parent link: | Компьютерные исследования и моделирование: научный журнал.— , 2009- Т. 1, № 1.— 2009.— [С. 41-49] |
|---|---|
| 1. Verfasser: | |
| Weitere Verfasser: | , |
| Zusammenfassung: | Заглавие с экрана Метод квазиклассического приближения применяется для построения решений уравнения Фоккера-Планка с квадратичной нелокальной нелинейностью и переменными коэффициентами в моделях оценки доходностей активов. Получены аналитические выражения, определяющие нелинейный оператор эволюции в квазиклассическом приближении The semiclassical approximation method is applied for solution construction of the Fokker-Planck equation with quadratic nonlocal nonlinearity and various coefficients in models of asset returns estimation. Analitical expressions determining nonlinear evolution operator are obtained in semiclasical approximation Режим доступа: по договору с организацией-держателем ресурса |
| Sprache: | Russisch |
| Veröffentlicht: |
2009
|
| Schlagworte: | |
| Online-Zugang: | http://elibrary.ru/item.asp?id=13071376 http://crm.ics.org.ru/journal/article/1573/ |
| Format: | Elektronisch Buchkapitel |
| KOHA link: | https://koha.lib.tpu.ru/cgi-bin/koha/opac-detail.pl?biblionumber=636479 |
MARC
| LEADER | 00000nla0a2200000 4500 | ||
|---|---|---|---|
| 001 | 636479 | ||
| 005 | 20250328091245.0 | ||
| 035 | |a (RuTPU)RU\TPU\network\454 | ||
| 090 | |a 636479 | ||
| 100 | |a 20140203d2009 k||y0rusy50 ca | ||
| 101 | 0 | |a rus | |
| 102 | |a RU | ||
| 135 | |a drnn ---uucaa | ||
| 181 | 0 | |a i | |
| 182 | 0 | |a b | |
| 200 | 1 | |a Квазиклассические асимптотики нелинейного уравнения Фоккера-Планка для распределений доходностей активов |f А. В. Шаповалов, А. Ю. Трифонов, Е. А. Масалова | |
| 203 | |a Текст |c электронный | ||
| 300 | |a Заглавие с экрана | ||
| 320 | |a [Библиогр.: с. 49 (3 назв.)] | ||
| 330 | |a Метод квазиклассического приближения применяется для построения решений уравнения Фоккера-Планка с квадратичной нелокальной нелинейностью и переменными коэффициентами в моделях оценки доходностей активов. Получены аналитические выражения, определяющие нелинейный оператор эволюции в квазиклассическом приближении | ||
| 330 | |a The semiclassical approximation method is applied for solution construction of the Fokker-Planck equation with quadratic nonlocal nonlinearity and various coefficients in models of asset returns estimation. Analitical expressions determining nonlinear evolution operator are obtained in semiclasical approximation | ||
| 333 | |a Режим доступа: по договору с организацией-держателем ресурса | ||
| 461 | |t Компьютерные исследования и моделирование |o научный журнал |d 2009- | ||
| 463 | |t Т. 1, № 1 |v [С. 41-49] |d 2009 | ||
| 610 | 1 | |a электронный ресурс | |
| 610 | 1 | |a труды учёных ТПУ | |
| 610 | 1 | |a уравнения Фоккера-Планка | |
| 610 | 1 | |a экономика | |
| 610 | 1 | |a приближения | |
| 700 | 1 | |a Шаповалов |b А. В. |c математик |c профессор Томского политехнического университета, доктор физико-математических наук |f 1949- |g Александр Васильевич |3 (RuTPU)RU\TPU\pers\24404 | |
| 701 | 1 | |a Трифонов |b А. Ю. |c физик, математик |c профессор Томского политехнического университета, доктор физико-математических наук |f 1963- |g Андрей Юрьевич |3 (RuTPU)RU\TPU\pers\22013 | |
| 701 | 1 | |a Масалова |b Е. А. | |
| 801 | 2 | |a RU |b 63413507 |c 20151125 |g RCR | |
| 856 | 4 | |u http://elibrary.ru/item.asp?id=13071376 | |
| 856 | 4 | |u http://crm.ics.org.ru/journal/article/1573/ | |
| 942 | |c CF | ||